Les meilleurs buteurs de Premier League - Statistiques

Statistiques générales
  • Ce quiz a été pris 1 576 fois
    1 281 depuis la dernière actualisation
  • Le résultat moyen est 14 sur 30
Statistiques - réponses
Joueur Buts Nationalité % Correct
2 Harry Kane 213 Anglais
96%
13* Mohamed Salah 144 Egyptien
96%
7 Thierry Henry 175 Français
93%
27* Heung-Min Son 109 Sud Coréen
90%
24 Sadio Mané 111 Sénégalais
87%
3 Wayne Rooney 208 Anglais
85%
5 Sergio Agüero 184 Argentin
82%
14 Robin Van Persie 144 Néerlandais
74%
20 Romelu Lukaku 121 Belge
72%
1 Alan Shearer 260 Anglais
68%
28 Ryan Giggs 109 Gallois
62%
6 Frank Lampard 177 Anglais
59%
21 Steven Gerrard 120 Anglais
54%
17 Robbie Keane 126 Irlandais
50%
10 Michael Owen 150 Anglais
49%
15 Jamie Vardy 134 Anglais
39%
22* Raheem Sterling 118 Anglais
36%
4 Andy Cole 187 Anglais
32%
18 Nicolas Anelka 125 Français
32%
30 Paul Scholes 107 Anglais
27%
29 Peter Crouch 108 Anglais
26%
23 Ian Wright 113 Anglais
25%
9 Jermain Defoe 162 Anglais
18%
19 Dwight Yorke 123 Trinidadien
16%
12 Teddy Sherringham 146 Anglais
11%
8 Robbie Fowler 163 Anglais
9%
16 Jimmy-Floyd Hasselbaink 127 Néerlandais
8%
11 Les Ferdinand 149 Anglais
7%
26 Emile Heskey 110 Anglais
6%
25 Dion Dublin 111 Anglais
2%
Aucun quiz correspondant
Distribution des résultats
% des personnes avec chaque résultat
Percentile par nombre de réponses
Votre historique - résultats
Vous n’avez pas pris ce quiz depuis la dernière actualisation